[Event "2024 British Rapidplay Championship"]
[Site "Holiday Inn Peterborough - West"]
[Date "2024.03.02"]
[Round "1.1"]
[White "Gevorgyan, Albert"]
[Black "Gormally, Daniel W"]
[Result "0-1"]
[WhiteFideId "13323946"]
[BlackFideId "406465"]
[WhiteElo "1899"]
[BlackElo "2463"]
[EventDate "2024.03.02"]

1. e4 c5 2. Nf3 d6 3. Bb5+ Nd7 4. a4 Ngf6 5. Nc3 e6 6. O-O Be7 7. d4 cxd4 8. Qxd4
O-O 9. Nd2 Ne5 10. Rd1 a6 11. Be2 b6 12. Nc4 Nxc4 13. Bxc4 Qc7 14. Be2 Bb7 15. Be3
Nd7 16. h4 h6 17. Rd3 Nc5 18. Rdd1 Rfd8 19. h5 Rac8 20. Ra3 Bf6 21. Qd2 d5 22. exd5
Bxd5 23. Nxd5 Rxd5 24. Qb4 a5 25. Qg4 Rxd1+ 26. Bxd1 Nd7 27. Bxh6 Ne5 28. Qg3 Nc4
29. Bf4 e5 30. Be3 Nxa3 31. bxa3 Rd8 32. Bg4 Qxc2 33. Bxb6 Qb1+ 34. Kh2 Qxb6 35.
Bf5 Qd4 36. h6 0-1

[Event "2024 British Rapidplay Championship"]
[Site "Holiday Inn Peterborough - West"]
[Date "2024.03.02"]
[Round "1.2"]
[White "Han, Yichen"]
[Black "Sasikumar, Srivathsan"]
[Result "1-0"]
[WhiteFideId "1054430"]
[BlackFideId "343401279"]
[WhiteElo "2334"]
[BlackElo "1766"]
[EventDate "2024.03.02"]

1. d4 Nf6 2. c4 e6 3. Nf3 d5 4. Bg5 Be7 5. e3 c6 6. Qc2 Nbd7 7. Nbd2 b6 8. Bd3 Bb7
9. O-O O-O 10. Rad1 Rc8 11. Qa4 a6 12. cxd5 Nxd5 13. Ne4 h6 14. Bxe7 Qxe7 15. Ne5
Rfd8 16. Bb1 c5 17. Nxd7 Rxd7 18. dxc5 bxc5 19. Rc1 Rdc7 20. Nd2 Qg5 21. Ne4 Qe7
22. Qc4 f5 23. Nd2 Qg5 24. Nf3 Qf6 25. e4 Ne7 26. Rfe1 f4 27. Rcd1 Kh8 28. Rd6 Rc6
29. e5 Qf7 30. Be4 Rxd6 31. exd6 Bd5 32. Qxa6 Ra8 33. d7 Rxa6 1-0

[Event "2024 British Rapidplay Championship"]
[Site "Holiday Inn Peterborough - West"]
[Date "2024.03.02"]
[Round "1.3"]
[White "Iyengar, Srihari R"]
[Black "Roberson, Peter T"]
[Result "0-1"]
[WhiteFideId "441970"]
[BlackFideId "412384"]
[WhiteElo "1889"]
[BlackElo "2401"]
[EventDate "2024.03.02"]

1. d4 Nf6 2. Nf3 d5 3. Bg5 Ne4 4. Bh4 Nc6 5. Nbd2 Bf5 6. c3 Qd7 7. e3 f6 8. Bb5 h5
9. Nxe4 Bxe4 10. Bg3 Bxf3 11. gxf3 h4 12. Qd3 O-O-O 13. O-O-O hxg3 14. fxg3 e6 15.
h4 Kb8 16. Rhe1 a6 17. Ba4 Qd6 18. Kb1 Na5 19. f4 g5 20. hxg5 fxg5 21. e4 gxf4 22.
e5 Qb6 23. gxf4 Rh2 24. Re2 Rxe2 25. Qxe2 Bh6 26. Qg4 Nc4 27. Bb3 Rf8 28. Bxc4 dxc4
29. Rf1 Qc6 30. Ka1 Rxf4 31. Qe2 Qe4 32. Qxc4 b5 0-1

[Event "2024 British Rapidplay Championship"]
[Site "Holiday Inn Peterborough - West"]
[Date "2024.03.02"]
[Round "1.4"]
[White "Hebden, Mark L"]
[Black "Mylovanov, Volodymyr"]
[Result "1-0"]
[WhiteFideId "400084"]
[BlackFideId "34184732"]
[WhiteElo "2436"]
[BlackElo "1877"]
[EventDate "2024.03.02"]

1. d4 Nf6 2. Bg5 d5 3. e3 e6 4. Nd2 h6 5. Bh4 Nbd7 6. Ngf3 c5 7. c3 Qb6 8. Rb1 Bd6
9. Be2 O-O 10. O-O a6 11. c4 Ne4 12. cxd5 exd5 13. Nxe4 dxe4 14. Nd2 f5 15. Nc4 Qc7
16. Nxd6 Qxd6 17. dxc5 Qxc5 18. Bg3 Ne5 19. Qb3+ Be6 20. Qxe6+ 1-0

[Event "2024 British Rapidplay Championship"]
[Site "Holiday Inn Peterborough - West"]
[Date "2024.03.02"]
[Round "1.5"]
[White "Ganti, Shriaansh"]
[Black "Wells, Peter K"]
[Result "0-1"]
[WhiteFideId "343104781"]
[BlackFideId "400327"]
[WhiteElo "1886"]
[BlackElo "2440"]
[EventDate "2024.03.02"]

1. e4 c5 2. Nf3 Nc6 3. Nc3 d6 4. d4 cxd4 5. Nxd4 Nf6 6. Be3 Ng4 7. Qd2 Nxe3 8. Qxe3
g6 9. Nb3 Bg7 10. Be2 O-O 11. O-O a5 12. a4 Be6 13. Kh1 Nb4 14. Bd3 Nxd3 15. Qxd3
Qb6 16. Nd5 Bxd5 17. exd5 Bxb2 18. Rab1 Bf6 19. Nd2 Qc7 20. c4 Rfc8 21. f4 Ra6 22.
f5 Rb6 23. fxg6 hxg6 24. Rbe1 Rb2 25. h3 Qc5 26. Rf4 Qb4 27. Nf3 Qxa4 28. Rg4 Qc2
29. Qe3 Rxc4 30. Rg3 Rb1 31. Kh2 Rxe1 32. Qxe1 Rc3 33. h4 Qf5 34. Qe2 Be5 35. Nxe5
Rxg3 36. Kxg3 Qxe5+ 37. Qxe5 dxe5 38. Kf3 a4 0-1

[Event "2024 British Rapidplay Championship"]
[Site "Holiday Inn Peterborough - West"]
[Date "2024.03.02"]
[Round "1.6"]
[White "Ledger, Andrew J"]
[Black "Basson, Heinrich"]
[Result "1-0"]
[WhiteFideId "400610"]
[BlackFideId "14301440"]
[WhiteElo "2376"]
[BlackElo "1848"]
[EventDate "2024.03.02"]

1. Nf3 d5 2. g3 Nf6 3. Bg2 g6 4. b3 Bg7 5. Bb2 O-O 6. c4 c6 7. O-O b6 8. d4 Bb7 9.
Nc3 Nbd7 10. e3 Rc8 11. Qe2 Qc7 12. Rac1 Qd6 13. Rfd1 Rfd8 14. Ne5 Nf8 15. cxd5 cxd5
16. Nb5 Qb8 17. Ba3 Rxc1 18. Rxc1 e6 19. Qe1 a6 20. Nc3 Ne4 21. Nxe4 dxe4 22. Nc6
Bxc6 23. Rxc6 e5 24. d5 Rxd5 25. Bxe4 Rd7 26. Qc3 Qd8 27. Kg2 a5 28. h4 Rd1 29. Rc8
Qf6 30. Qc2 Rd7 31. Bb2 Qd6 32. Rc6 Qb8 33. a4 Qd8 34. Qc4 Rd2 35. Bc3 Rd6 36. Rc7
Qf6 37. Bd5 Ne6 38. Rc8+ Bf8 39. f4 Qf5 40. Bxe5 Rd7 41. Qc6 Rd8 42. Bxe6 Rd2+ 43.
Kf3 fxe6 44. g4 Qf7 45. Bd6 1-0

[Event "2024 British Rapidplay Championship"]
[Site "Holiday Inn Peterborough - West"]
[Date "2024.03.02"]
[Round "1.7"]
[White "Davies, Peter L"]
[Black "Gasanov, Eldar"]
[Result "0-1"]
[WhiteFideId "1801171"]
[BlackFideId "14104466"]
[WhiteElo "1876"]
[BlackElo "2391"]
[EventDate "2024.03.02"]

1. c4 e5 2. Nc3 d6 3. g3 Be7 4. Bg2 f5 5. d3 Nf6 6. h4 O-O 7. Bg5 c6 8. e3 Be6 9.
Nge2 Nbd7 10. Qd2 h6 11. Bxf6 Nxf6 12. b3 d5 13. cxd5 cxd5 14. d4 e4 15. Nf4 Bf7
16. O-O Rc8 17. Rac1 Bb4 18. Qb2 Qe7 19. Nb1 g5 20. hxg5 hxg5 21. Nh3 Nd7 22. a3
Bd6 23. b4 Kg7 24. Nc3 Nb6 25. Nb5 Bb8 26. Rc5 Na4 27. Qb3 Nxc5 28. bxc5 b6 29. Nd6
Bxd6 30. cxd6 Qf6 31. Qa4 a5 32. Rb1 Rb8 33. Bf1 Rfd8 34. d7 Be6 35. Qb3 Rxd7 36.
Rc1 Bf7 37. Be2 Rh8 38. Kg2 Be6 39. Rh1 Kg6 40. Nf4+ gxf4 41. Rxh8 f3+ 42. Kf1 Qxh8
0-1

[Event "2024 British Rapidplay Championship"]
[Site "Holiday Inn Peterborough - West"]
[Date "2024.03.02"]
[Round "1.8"]
[White "Davtyan, Artur"]
[Black "Kumar, Sanjit S"]
[Result "1-0"]
[WhiteFideId "13308327"]
[BlackFideId "468142"]
[WhiteElo "2416"]
[BlackElo "1799"]
[EventDate "2024.03.02"]

1. d4 d5 2. c4 c6 3. Nf3 Nf6 4. Nc3 e6 5. e3 Nbd7 6. Qc2 Bd6 7. Bd3 O-O 8. O-O dxc4
9. Bxc4 e5 10. Rd1 Qe7 11. Bf1 Rd8 12. g3 exd4 13. exd4 Nb6 14. Re1 Qf8 15. Bg5 Be7
16. Ne4 Nbd5 17. Bc4 h6 18. Bxf6 Nxf6 19. Ne5 Nd5 20. Nc3 Be6 21. Ng6 Qe8 22. Bxd5
cxd5 23. Nf4 Qd7 24. Nxe6 fxe6 25. Ne2 Bf6 26. Nf4 Re8 27. Rad1 Rac8 28. Qg6 Qf7
29. Qg4 Rc6 30. Re2 Rd6 31. b3 e5 32. dxe5 Bxe5 33. Rde1 Rdd8 34. Rxe5 1-0

[Event "2024 British Rapidplay Championship"]
[Site "Holiday Inn Peterborough - West"]
[Date "2024.03.02"]
[Round "1.9"]
[White "Pelling, Kyle"]
[Black "Tiruchirapalli, Venkataramanan"]
[Result "1-0"]
[WhiteFideId "462942"]
[BlackFideId "5001579"]
[WhiteElo "1818"]
[BlackElo "2263"]
[EventDate "2024.03.02"]

1. e4 e5 2. Nf3 Nc6 3. Bb5 a6 4. Ba4 Nf6 5. d3 b5 6. Bb3 Be7 7. O-O d6 8. c3 O-O
9. Nbd2 Na5 10. Bc2 c5 11. Re1 Nc6 12. Nf1 Re8 13. Ng3 g6 14. h3 Bf8 15. Be3 Bg7
16. Qd2 Qe7 17. Bh6 Qf8 18. Bxg7 Qxg7 19. d4 Bb7 20. dxc5 dxc5 21. Qe3 Rac8 22. Rad1
Na5 23. b3 Re6 24. h4 b4 25. h5 Ng4 26. Qg5 gxh5 27. Rd8+ Re8 28. Rxe8+ Rxe8 29.
Qxh5 bxc3 30. Nf5 Qg6 31. Qxg4 Nc6 32. Qh3 Nd4 33. N3h4 Qg5 34. Re3 Kh8 35. Nf3 Qg6
36. N3xd4 cxd4 37. Rg3 Qf6 38. Rg7 h6 39. Qh5 Rf8 40. Rg3 Kh7 41. Rg7+ Kh8 42. Rg3
Kh7 43. Nxh6 Qxh6 44. Qf5+ Kh8 45. Rh3 Qxh3 46. Qxh3+ Kg7 47. Qg4+ Kh6 48. Qh4+ Kg6
49. Qe7 1-0

[Event "2024 British Rapidplay Championship"]
[Site "Holiday Inn Peterborough - West"]
[Date "2024.03.02"]
[Round "1.10"]
[White "Buckley, Graeme N"]
[Black "Sisupalan, Beni"]
[Result "1-0"]
[WhiteFideId "402265"]
[BlackFideId "494585"]
[WhiteElo "2267"]
[BlackElo "1756"]
[EventDate "2024.03.02"]

1. e4 e5 2. Nf3 Nc6 3. Bb5 a6 4. Ba4 Nf6 5. O-O b5 6. Bb3 Be7 7. Re1 O-O 8. a4 Bb7
9. d3 d6 10. c3 Na5 11. Ba2 c5 12. Nbd2 Rc8 13. d4 exd4 14. cxd4 d5 15. e5 Ne4 16.
axb5 axb5 17. Bb1 Nxd2 18. Bxd2 Nc4 19. Bc1 cxd4 20. b3 Nb6 21. Nxd4 Bc6 22. Re3
g6 23. Bb2 Bd7 24. Ra7 f5 25. e6 Be8 26. Nf3 Rc7 27. Rxc7 Qxc7 28. h3 b4 29. Re1
Bb5 30. Nd4 Be8 31. Qd2 Bf6 32. Qxb4 h5 33. Qd2 Kh7 34. e7 Rf7 35. Ne6 Qd6 36. Bxf6
Rxf6 37. Ng5+ Kg7 38. Qd4 Kg8 39. Bd3 Nc8 40. b4 Nxe7 41. Qe3 Kf8 42. Nh7+ Kf7 43.
Qh6 Ng8 44. Ng5# 1-0

[Event "2024 British Rapidplay Championship"]
[Site "Holiday Inn Peterborough - West"]
[Date "2024.03.02"]
[Round "1.11"]
[White "Mittal, Aditya"]
[Black "Ashton, Adam G"]
[Result "0-1"]
[WhiteFideId "499250"]
[BlackFideId "410110"]
[WhiteElo "1794"]
[BlackElo "2345"]
[EventDate "2024.03.02"]

1. b3 e5 2. Bb2 Nc6 3. c4 Nf6 4. Nc3 d5 5. cxd5 Nxd5 6. e3 Nxc3 7. Bxc3 Bd6 8. Bc4
O-O 9. Nf3 Qe7 10. Rc1 e4 11. Nd4 Ne5 12. Qc2 Nxc4 13. bxc4 a6 14. Bb2 c5 15. Ne2
Bd7 16. Nc3 Bc6 17. a4 f5 18. g3 Rad8 19. Ne2 Rd7 20. h4 Rfd8 21. Rd1 b5 22. cxb5
axb5 23. axb5 Bxb5 24. Qb3+ Qf7 25. Qxb5 Rb8 26. Qa4 Rxb2 27. Qa8+ Bf8 28. Nf4 Qc4
29. Qc8 Rbxd2 30. Qxd7 Rxd7 31. Rxd7 Qb4+ 32. Rd2 c4 33. Nd5 Qa5 34. Ke2 c3 35. Rd4
Qb5+ 36. Ke1 Qb1+ 37. Rd1 c2 38. Nc3 cxd1=Q+ 39. Nxd1 Bb4+ 40. Ke2 Qc2+ 41. Kf1 Qxd1+
42. Kg2 Qf3+ 43. Kh3 Qxh1# 0-1

[Event "2024 British Rapidplay Championship"]
[Site "Holiday Inn Peterborough - West"]
[Date "2024.03.02"]
[Round "1.12"]
[White "Hunt, Harriet V"]
[Black "Patel, Keatan"]
[Result "1/2-1/2"]
[WhiteFideId "403512"]
[BlackFideId "477613"]
[WhiteElo "2342"]
[BlackElo "1779"]
[EventDate "2024.03.02"]

1. e4 e5 2. Nf3 Nc6 3. Bb5 a6 4. Ba4 Nf6 5. d3 b5 6. Bb3 Be7 7. a4 Bb7 8. Nc3 b4
9. Nd5 d6 10. a5 Nxd5 11. exd5 Nd4 12. Nxd4 exd4 13. Ba4+ Kf8 14. Qh5 Bf6 15. O-O
g6 16. Qf3 Kg7 17. Bd2 Rb8 18. Bb3 Qd7 19. Bh6+ Kxh6 20. Qxf6 Qf5 21. Qxd4 Qe5 22.
Qh4+ Kg7 23. Rae1 Qxb2 24. Re7 Qf6 25. Qe4 c6 26. Re1 cxd5 27. Qxb4 Bc6 28. Qd2 Rhe8
29. Rxe8 Rxe8 30. Rxe8 Bxe8 31. d4 Qe6 32. h3 Bb5 33. Kh2 Bc4 34. Ba4 Qf6 35. Qe3
h5 36. Bc6 Qd8 37. Qd2 Qf6 38. Bd7 Qe7 39. Ba4 Qf6 40. Bb3 Bxb3 41. cxb3 Qd8 42.
Qc3 Qf6 43. Kg1 Qf5 44. h4 Qb1+ 45. Kh2 Qe4 46. g3 Qe2 47. Kg2 Qe4+ 48. Kh2 Qe2 49.
Kg1 Qd1+ 50. Kg2 Qe2 51. Qf3 Qb5 52. Qc3 Qe2 53. b4 Qe4+ 54. Kg1 Qb1+ 55. Kh2 Qf1
56. Qe3 Qb5 57. Qd2 Qf1 58. Qa2 Qb5 59. Qb2 Qf1 60. b5 axb5 61. a6 b4 62. a7 Qa6
63. Qxb4 Qxa7 64. Kg2 Qc7 65. Qb5 1/2-1/2

[Event "2024 British Rapidplay Championship"]
[Site "Holiday Inn Peterborough - West"]
[Date "2024.03.02"]
[Round "1.13"]
[White "Kennedy, Craig"]
[Black "Jones, Steven A"]
[Result "0-1"]
[WhiteFideId "408905"]
[BlackFideId "419630"]
[WhiteElo "1839"]
[BlackElo "2194"]
[EventDate "2024.03.02"]

1. g3 Nf6 2. Bg2 e5 3. d3 d5 4. Nf3 Bd6 5. O-O O-O 6. Nc3 c6 7. e4 Re8 8. Qe2 d4
9. Nd1 c5 10. c4 dxc3 11. bxc3 Nc6 12. Ne3 b6 13. Nh4 Bf8 14. f4 Ba6 15. c4 Nd4 16.
Qd1 Bb7 17. fxe5 Rxe5 18. Bb2 Qd7 19. Rxf6 gxf6 20. Nhf5 Kh8 21. Qg4 Rd8 22. Rf1
Bc8 23. Bxd4 cxd4 24. Nd5 Qc6 25. Qh4 Bxf5 26. Rxf5 Rxf5 27. exf5 Bg7 28. Nf4 Qe8
29. Be4 b5 30. cxb5 Qxb5 31. Nh5 Qb1+ 32. Kg2 Qxa2+ 33. Kh3 Qd2 34. Nxf6 Qh6 35.
Nh5 f6 36. Qg4 Qg5 37. Qd1 a5 38. Nf4 Bf8 39. Qa4 Bb4 40. Qc6 Rg8 41. Qd5 Be1 42.
Ne2 Qh5+ 0-1

[Event "2024 British Rapidplay Championship"]
[Site "Holiday Inn Peterborough - West"]
[Date "2024.03.02"]
[Round "1.14"]
[White "Royal, Shreyas"]
[Black "Kaszuba, Adrian"]
[Result "1-0"]
[WhiteFideId "448869"]
[BlackFideId "41849027"]
[WhiteElo "2331"]
[BlackElo "1649"]
[EventDate "2024.03.02"]

1. c4 f5 2. d4 g6 3. g3 Bg7 4. Bg2 c5 5. d5 d6 6. Nh3 b5 7. Nd2 bxc4 8. Nxc4 Nf6
9. O-O O-O 10. Nf4 Na6 11. Bd2 Nc7 12. Rc1 Bd7 13. b4 cxb4 14. Bxb4 Na6 15. Ba5 Qe8
16. Qd3 Nc5 17. Qa3 Bb5 18. Rfe1 Nfe4 19. f3 Nf6 20. e4 fxe4 21. fxe4 Ng4 22. Bc3
Ne5 23. Nxe5 dxe5 24. Qxc5 exf4 25. Bxg7 Kxg7 26. gxf4 Rxf4 27. e5 Ba6 28. d6 Rc8
29. Qxa7 Rxc1 30. Rxc1 Bb5 31. Rc7 Kh6 32. Rxe7 Qf8 33. Rxh7+ Kg5 34. Qe3 1-0

[Event "2024 British Rapidplay Championship"]
[Site "Holiday Inn Peterborough - West"]
[Date "2024.03.02"]
[Round "1.15"]
[White "Cheng, Louis"]
[Black "Boswell, Jacob Connor"]
[Result "0-1"]
[WhiteFideId "2410389"]
[BlackFideId "427110"]
[WhiteElo "1840"]
[BlackElo "2031"]
[EventDate "2024.03.02"]

1. e4 c5 2. Nc3 Nc6 3. Nf3 d6 4. d4 cxd4 5. Nxd4 Nf6 6. f3 Qb6 7. Nxc6 bxc6 8. b3
g6 9. Bb2 Bg7 10. Qd2 Be6 11. O-O-O O-O 12. Kb1 a5 13. a4 Rab8 14. h4 h5 15. Be2
Rb7 16. Rdg1 Rfb8 17. Bd1 d5 18. exd5 Rd8 19. g4 hxg4 20. fxg4 Nxd5 21. Nxd5 Rxd5
22. Qc1 Bxb2 23. Qxb2 Qd4 24. Qxd4 Rxd4 25. h5 Rxa4 26. hxg6 fxg6 27. g5 Bf5 28.
Kb2 Rd4 29. Bf3 Rd2 30. Rc1 a4 31. Kc3 Rf2 32. Bd1 axb3 33. cxb3 Rb5 34. Ra1 Rc5+
35. Kb4 Rb5+ 36. Kc3 Rd5 37. Ra8+ Kf7 38. Rh7+ Ke6 39. Ra1 Rf1 40. Ra7 Rfxd1 41.
Rhxe7+ Kd6 42. Re8 Rc1+ 43. Kb2 Rb1+ 44. Kc3 Rd3+ 45. Kc4 Rc1+ 46. Kb4 c5+ 47. Kb5
Rxb3+ 48. Ka4 Rb4+ 49. Ka3 Ra1# 0-1

[Event "2024 British Rapidplay Championship"]
[Site "Holiday Inn Peterborough - West"]
[Date "2024.03.02"]
[Round "1.16"]
[White "Willow, Jonah B"]
[Black "Caraway, Samuel"]
[Result "1-0"]
[WhiteFideId "438804"]
[BlackFideId "444766"]
[WhiteElo "2295"]
[BlackElo "1834"]
[EventDate "2024.03.02"]

1. e4 Nc6 2. d4 e5 3. Nf3 exd4 4. Nxd4 Bc5 5. Nb3 Bb6 6. Qe2 Nd4 7. Nxd4 Bxd4 8.
c3 Bc5 9. Nd2 Qe7 10. Nc4 a5 11. Bf4 d6 12. O-O-O Be6 13. f3 f6 14. Kb1 a4 15. Ne3
c6 16. Qd2 O-O-O 17. Bc4 Bxe3 18. Bxe6+ Kc7 19. Qxe3 Qxe6 20. Qc5 b6 21. Qb4 g5 22.
Bg3 Nh6 23. Qxa4 Ra8 24. Rxd6 Ra7 25. Qa5 Rxa5 26. Rxe6+ 1-0

[Event "2024 British Rapidplay Championship"]
[Site "Holiday Inn Peterborough - West"]
[Date "2024.03.02"]
[Round "1.17"]
[White "Cheng, Wing"]
[Black "Derakhshani, Borna"]
[Result "0-1"]
[WhiteFideId "343443621"]
[BlackFideId "12518450"]
[WhiteElo "1829"]
[BlackElo "2286"]
[EventDate "2024.03.02"]

1. e4 e6 2. d4 d5 3. Nd2 c5 4. c3 cxd4 5. cxd4 dxe4 6. Nxe4 Nf6 7. Nxf6+ Qxf6 8.
Nf3 Nc6 9. Bb5 Bb4+ 10. Bd2 O-O 11. Bxc6 Bxd2+ 12. Qxd2 bxc6 13. O-O Rd8 14. Qc3
Bb7 15. Rac1 Qf4 16. Qe3 Qd6 17. Rc5 f6 18. Rfc1 Rac8 19. b4 Kf7 20. Qa3 a6 21. Re1
Qe7 22. Qb3 Rd5 23. Qd3 Rh8 24. h3 g5 25. Rxd5 cxd5 26. Rc1 h5 27. Rc5 Bc8 28. Qc2
Bd7 29. Rc7 g4 30. Kh2 gxf3 31. gxf3 Qd6+ 32. Kg1 Ke7 33. a3 Kd8 34. Ra7 Rg8+ 35.
Kf1 Bb5+ 36. Ke1 Rg1+ 0-1

[Event "2024 British Rapidplay Championship"]
[Site "Holiday Inn Peterborough - West"]
[Date "2024.03.02"]
[Round "1.18"]
[White "Bowcott-Terry, Finlay"]
[Black "Graham, Neil"]
[Result "1-0"]
[WhiteFideId "449199"]
[BlackFideId "408999"]
[WhiteElo "2055"]
[BlackElo "1824"]
[EventDate "2024.03.02"]

1. e4 e5 2. Nf3 Nf6 3. Nxe5 d6 4. Nf3 Nxe4 5. Nc3 Nxc3 6. dxc3 Be7 7. Bf4 O-O 8.
Qd2 Nc6 9. O-O-O Be6 10. a3 Bf6 11. h4 Ne5 12. Nd4 Qd7 13. Nxe6 Qxe6 14. Kb1 Rfe8
15. f3 Nc4 16. Qd3 Ne5 17. Qe4 Ng6 18. Qxe6 Rxe6 19. Bg3 Be5 20. Bf2 a6 21. g3 Bf6
22. f4 Nf8 23. Bc4 Ree8 24. Rhe1 b5 25. Bd5 Rad8 26. Bb7 Rxe1 27. Rxe1 a5 28. g4
g6 29. Bc6 Ne6 30. f5 gxf5 31. gxf5 Ng7 32. Rf1 Be5 33. Be3 b4 34. cxb4 axb4 35.
axb4 Rb8 36. b5 Bg3 37. f6 Nh5 38. Rf5 Ng7 39. Rg5 1-0

[Event "2024 British Rapidplay Championship"]
[Site "Holiday Inn Peterborough - West"]
[Date "2024.03.02"]
[Round "1.19"]
[White "Milewska, Agnieszka"]
[Black "Badacsonyi, Stanley"]
[Result "0-1"]
[WhiteFideId "1196391"]
[BlackFideId "486973"]
[WhiteElo "1823"]
[BlackElo "2105"]
[EventDate "2024.03.02"]

1. d4 Nf6 2. c4 c5 3. e3 g6 4. Nf3 Bg7 5. Nc3 O-O 6. Be2 d6 7. O-O b6 8. b3 Bb7 9.
Bb2 Nbd7 10. Rc1 a6 11. dxc5 dxc5 12. Qd3 Qc7 13. Nd5 Nxd5 14. Bxg7 Nb4 15. Qc3 Nxa2
16. Qb2 Nxc1 17. Rxc1 Rfd8 18. Bh6 f6 19. Ng5 Ne5 20. Ne6 Qc6 21. Nf4 Qd6 22. h3
Qd2 23. Qa1 Nf7 24. Ne6 Qxe2 25. Nxd8 Rxd8 26. Bf4 Rd2 27. Bg3 Ra2 28. Qc3 Qb2 29.
Qe1 Qxb3 30. Rd1 Bc6 31. Rb1 Rb2 32. Rc1 Be4 33. Kh2 Rb1 34. Rxb1 Qxb1 35. Qd2 Bd3
36. Qc3 Qc2 37. Qa3 Qxc4 38. Bc7 Qd5 39. Qb2 b5 40. f4 b4 0-1

[Event "2024 British Rapidplay Championship"]
[Site "Holiday Inn Peterborough - West"]
[Date "2024.03.02"]
[Round "1.20"]
[White "Kanyamarala, Tarun"]
[Black "Smith, Gary P"]
[Result "1-0"]
[WhiteFideId "45004714"]
[BlackFideId "424625"]
[WhiteElo "2266"]
[BlackElo "1815"]
[EventDate "2024.03.02"]

1. d4 Nf6 2. Nc3 g6 3. e4 d6 4. Bg5 Bg7 5. Nf3 Bg4 6. h3 Bxf3 7. Qxf3 Nc6 8. O-O-O
O-O 9. g4 h6 10. Be3 e5 11. dxe5 Nxe5 12. Qe2 a6 13. f4 Nc6 14. e5 Ne8 15. Ne4 Qe7
16. Bg2 f5 17. gxf5 gxf5 18. exd6 Nxd6 19. Nxd6 cxd6 20. Rhe1 Qf6 21. c3 Rac8 22.
Kb1 Rfe8 23. Qd2 Red8 24. Bb6 Rd7 25. Bd5+ Kh7 26. Be6 Rdd8 27. Bxc8 Rxc8 28. Qxd6
Qf7 29. Qd7 Rf8 30. Bc5 Qxd7 31. Rxd7 1-0

[Event "2024 British Rapidplay Championship"]
[Site "Holiday Inn Peterborough - West"]
[Date "2024.03.02"]
[Round "1.22"]
[White "Okhai, Shabir"]
[Black "Williams, Ana"]
[Result "1-0"]
[WhiteFideId "445134"]
[BlackFideId "343419771"]
[WhiteElo "2077"]
[BlackElo "1804"]
[EventDate "2024.03.02"]

1. e4 c5 2. Nf3 Nc6 3. Bb5 e5 4. O-O Bd6 5. c3 a6 6. Ba4 b5 7. Bb3 Nge7 8. d3 O-O
9. Be3 h6 10. Nh4 Kh8 11. Qh5 c4 12. dxc4 Na5 13. Bxh6 bxc4 14. Bc2 Bb7 15. Nf5 g6
16. Bg7+ 1-0

[Event "2024 British Rapidplay Championship"]
[Site "Holiday Inn Peterborough - West"]
[Date "2024.03.02"]
[Round "1.23"]
[White "Wastney, Dylan"]
[Black "Moreby, James E"]
[Result "1/2-1/2"]
[WhiteFideId "343112498"]
[BlackFideId "427756"]
[WhiteElo "1800"]
[BlackElo "2248"]
[EventDate "2024.03.02"]

1. e4 e6 2. d4 d5 3. e5 c5 4. c3 Nc6 5. Nf3 Nge7 6. Bd3 cxd4 7. O-O Ng6 8. Re1 Be7
9. cxd4 O-O 10. a3 Nh8 11. Qc2 g6 12. b4 a6 13. Nbd2 f6 14. Nb3 fxe5 15. dxe5 Kg7
16. Nc5 Nf7 17. Bb2 Ng5 18. Nxg5 Bxg5 19. Nxa6 Qb6 20. Nc5 Be7 21. Rac1 Bg5 22. Rcd1
Be7 23. Nb3 Bd7 24. Bc1 Rac8 25. Qd2 Rf7 26. Qe3 Qc7 27. Nd4 Rcf8 28. Nb5 Qb8 29.
f3 Kg8 30. Bd2 Re8 31. Rc1 Bf8 32. Qg5 Be7 33. Qg3 Bf8 34. Bb1 Bg7 35. Nd6 Bxe5 36.
Rxe5 Qxd6 37. Ree1 e5 38. Be3 d4 39. Bh6 Bf5 40. Ba2 Be6 41. Bxe6 Rxe6 42. b5 Na7
43. a4 Rc7 44. Qg4 Ree7 45. Qe4 Nc8 46. Rxc7 Qxc7 47. Qd5+ Kh8 48. Bg5 Rf7 49. Rxe5
Nd6 50. Qxd4 Kg8 51. Rd5 Nf5 52. Qd2 Qb6+ 53. Kh1 Qe6 54. Rd8+ Rf8 55. Rxf8+ Kxf8
56. h3 Kf7 57. a5 Qe5 58. a6 Qxb5 59. Qa2+ Kg7 60. a7 Qe5 61. a8=Q Qe1+ 62. Kh2 Qg3+
1/2-1/2

[Event "2024 British Rapidplay Championship"]
[Site "Holiday Inn Peterborough - West"]
[Date "2024.03.02"]
[Round "1.24"]
[White "Harris, Michael"]
[Black "Li, Xiaofan"]
[Result "1-0"]
[WhiteFideId "402028"]
[BlackFideId "343432689"]
[WhiteElo "2233"]
[BlackElo "1771"]
[EventDate "2024.03.02"]

1. d4 d5 2. c4 e6 3. Nf3 Nf6 4. g3 Be7 5. Bg2 O-O 6. O-O c5 7. cxd5 Nxd5 8. Nc3 Nc6
9. e4 Nf6 10. dxc5 Bxc5 11. Bf4 Qe7 12. e5 Nd7 13. Ne4 Rd8 14. Bg5 f6 15. exf6 Nxf6
16. Qc2 Rd5 17. Rad1 Nb4 18. Qb1 Bd7 19. a3 Rxd1 20. Rxd1 Nbd5 21. Ne5 Ba4 22. Rc1
Bb6 23. Ng4 Rf8 24. Nexf6+ Nxf6 25. Nxf6+ gxf6 26. Bh6 Rd8 27. Qe4 Rd1+ 28. Rxd1
Bxd1 29. Bh3 Bb3 30. Bg2 Qc5 31. Qg4+ Kf7 32. Qg7+ Ke8 33. Qxf6 Qd6 34. Qh8+ Kd7
35. Qxh7+ Kc8 36. Qxb7+ Kd8 37. Bg5+ Ke8 38. Bc6+ Kf8 39. Bh6+ 1-0

[Event "2024 British Rapidplay Championship"]
[Site "Holiday Inn Peterborough - West"]
[Date "2024.03.02"]
[Round "1.25"]
[White "Fairhurst, Frederick"]
[Black "Mirzoeva, Elmira"]
[Result "0-1"]
[WhiteFideId "343425682"]
[BlackFideId "4127951"]
[WhiteElo "1600"]
[BlackElo "2206"]
[EventDate "2024.03.02"]

1. e4 c6 2. d4 d5 3. Nd2 dxe4 4. Nxe4 Bf5 5. Ng3 Bg6 6. Nf3 e6 7. Ne5 Bd6 8. Bf4
Nf6 9. Nxg6 hxg6 10. Bxd6 Qxd6 11. c3 Nbd7 12. Qc2 c5 13. dxc5 Qxc5 14. Bd3 O-O-O
15. b4 Qg5 16. O-O Ne5 17. Be4 Neg4 18. h3 Ne3 19. fxe3 Qxg3 20. Bf3 Rxh3 21. Rfd1
Rdh8 22. Kf1 Ng4 23. Bxb7+ Kxb7 24. Rd7+ Kc8 25. Rxf7 Nxe3+ 26. Ke2 Qxg2+ 27. Kd3
Qxc2+ 28. Kd4 Nf5+ 29. Kc5 Qxc3+ 30. Kb5 Nd6+ 31. Ka6 Qa3# 0-1

[Event "2024 British Rapidplay Championship"]
[Site "Holiday Inn Peterborough - West"]
[Date "2024.03.02"]
[Round "1.26"]
[White "Martin, Lewis"]
[Black "McCusker, Andrew"]
[Result "1/2-1/2"]
[WhiteFideId "410551"]
[BlackFideId "2404281"]
[WhiteElo "2192"]
[BlackElo "1786"]
[EventDate "2024.03.02"]

1. c4 c6 2. g3 d5 3. Bg2 Nf6 4. Nf3 e6 5. b3 Bd6 6. O-O O-O 7. Bb2 Nbd7 8. d4 b6
9. Nbd2 Bb7 10. Qc2 Rc8 11. Rac1 c5 12. dxc5 Nxc5 13. Rfd1 Qe7 14. Ne5 Rfd8 15. Qb1
h6 16. Ndf3 Nce4 17. cxd5 exd5 18. Nd3 Nc5 19. Nd4 Nxd3 20. Qxd3 Be5 21. Bh3 Rxc1
22. Rxc1 Ne4 23. e3 Qf6 24. f4 Bb8 25. Rc2 Nc5 26. Qf5 Qe7 27. Bc1 g6 28. Qg4 Bc8
29. Nc6 Qe4 30. Qe2 Bxh3 31. Nxd8 Bf5 32. Rd2 Bd7 33. Rd4 Qe8 34. b4 Ne4 35. Rxd5
Qxd8 36. Bb2 Qe7 37. Qd3 Nd6 38. Be5 Bf5 39. Qd4 Be6 40. Rxd6 Bxd6 41. Bxd6 Qd7 42.
a3 Bh3 43. Be5 Qxd4 44. Bxd4 Be6 45. e4 f5 46. exf5 Bxf5 47. Kf2 Kf7 48. Be5 b5 49.
Ke3 Bc8 50. Kd4 Ke6 51. g4 h5 52. f5+ Kf7 53. fxg6+ Kxg6 54. gxh5+ Kxh5 55. Kc5 a6
56. Kb6 Kg4 57. Kc7 Be6 58. Kb7 Kf5 59. Bg3 Bd7 60. Kxa6 Kg4 61. Bd6 Kh3 62. Kb6
Be8 63. Kc7 Kg4 64. Be5 Kh3 65. Kd6 Kg4 66. Kc5 Kh3 67. Kd4 Bd7 68. Ke4 1/2-1/2